| 000 | 02457cam a2200481 i 4500 | ||
|---|---|---|---|
| 001 | 865208 | ||
| 003 | CO-MdFUSB | ||
| 005 | 20220903124004.0 | ||
| 006 | m o d | ||
| 007 | cr cn | ||
| 008 | 141025t1991 uk b gob 00| 0 eng d | ||
| 020 |
_z0674991206 _q(v. 1) _qreimprinted |
||
| 020 |
_z0674991214 _q(v. 2) _qreimprinted |
||
| 020 |
_z0674991222 _q(v. 3) _qreimprinted |
||
| 020 |
_z0674991877 _q(v. 4) _qreimprinted |
||
| 040 |
_aMaCbHUP _cCO-MdFUSB _bEspañol _dCO-MdFUSB _erda |
||
| 041 | 1 |
_aeng _agrc _hgrc |
|
| 072 | 7 |
_aHIS002010 _2bisacsh |
|
| 072 | 7 |
_aLIT004190 _2bisacsh |
|
| 082 |
_223 _aR 888.01 _bLT532t |
||
| 100 | 0 |
_aTucídides. _d340 a.C. - 395 a.C. _eautor |
|
| 245 | 1 | 0 |
_aThucidides : _bHistory of the peloponnesian war _c/ Thucydides ; Jefrey Henderson , editor ; Charles Forster Smith , traductor |
| 264 | 1 |
_aCambridge, MA : _bHarvard University Press, _c[2003] |
|
| 264 | 4 | _c© 2003 | |
| 300 |
_aVol. 1 - 4 _bmaps _c; |
||
| 336 |
_2rdacontent _atexto _btxt |
||
| 337 |
_2rdamedia _asin mediación _bn |
||
| 338 |
_2rdacarrier _avolumen _bnc |
||
| 490 | 1 | _aLoeb Classical Library | |
| 505 | _aVol. I. Libros 1-2 -- Vol. II. Libros 3-4 -- Vol. III. Libros 5-6 -- Vol. IV. Libros 7-8. Índice general. | ||
| 520 |
_bHistoriador griego. Fue autor de una importante Historia de la Guerra del Peloponeso, en que se narraba en ocho libros la guerra entre Atenas y Esparta durante los años 431-404 a.C. A pesar de que se le consideró como el historiador más grande de la Antigüedad, existen muy pocos datos sobre su vida y la mayoría de ellos provienen de su propia obra. Además de esos datos, existen dos biografía manuscritas sobre Tucídides, una escrita por Marcelino y un fragmento pairáceo; a éstos hay que añadir el artículo de la Suda. _ahttp://www.mcnbiografias.com/app-bio/do/show?key=tucidides |
||
| 650 | 7 |
_aInscriptions, Greek _0(OCoLC)973878. |
|
| 651 |
_aGrecia _xHistoriadores |
||
| 700 | 1 |
_aSmith, Charles Forster, _d1852-1931, _etraductor. |
|
| 776 | 0 | 8 |
_iPrint version: _aThucydides. _tHistory of the Peloponnesian war. _dCambridge, Mass. : Harvard University Press, 1919 _z9780674991200(v.1) _z9780674991217(v.2) _z9780674991224(v.3) _z9780674991873(v.4) |
| 942 | _cREF | ||
| 945 | _aEstudiante | ||
| 999 |
_c63766 _d63766 |
||